000 00416nam a2200193Ia 4500
008 240510s9999 xx 000 0 und d
041 _aEng
082 _a519.2
082 _bB84
100 _aBULMER, M.G.
245 0 _aPrinciples of statistics
250 _a2nd ed.
260 _bEdinburgh, Oliver & Boyd
260 _c1967
300 _a252 p.
650 _aStatistics
942 _2ddc
942 _cLBK
999 _c23441
_d23441
945 _a1
_bMadushi Gamage
_c1
_dMadushi Gamage